000 00828nam a22002297a 4500
001 000047812
003 OSt
005 20210315090117.0
008 180817s1991 dr 000 0 spa d
040 _aDO-SdBNP
_bspa
_cBNPHU
082 _axxxx
_bxxxx
110 2 _aRepública Dominicana.
_bConsejo Nacional de Investigaciones en Salud Materno Infantil (CENISMI)
_975396
245 1 0 _aLa madre adolescente y su repercusión en la salud materno infantil
_ceditado por Hugo R. Mendoza
260 _aSanto Domingo :
_bConsejo Nacional de Investigaciones en Salud Materno Infantil,
_c1991.
300 _a10 p. :
_c28 cm.
490 1 _aReuniones técnicas ;
_v3 ;
590 _aInventariado, 2021/ YL
700 1 2 _aMendoza, Hugo R.
_eed.
_96390
830 _aReuniones técnicas
_n3
_978118
910 _aYLOCKWARD
942 _2ddc
_cLF2
999 _c49556
_d49556